Flags | Level two (Easy) - Statistics

General Stats
  • This quiz has been taken 25 times
  • The average score is 14 of 16
Answer Stats
Picture Answer % Correct
Australia
100%
China
100%
Russia
100%
Spain
100%
Sweden
100%
Turkey
100%
Ukraine
100%
United Kingdom of Great Britian and Northern Ireland
100%
Brazil
94%
Germany
94%
India
94%
Israel
94%
Italy
94%
USSR
72%
Antarctica (official)
56%
13 Colonies
11%
No matching quizzes found
Score Distribution
Percent of People with Each Score
Percentile by Number Answered
Your Score History
You have not taken this quiz